ბათუმის შოთა რუსთაველის სახელმწიფო უნივერსიტეტის ბიბლიოთეკა

ამერიკული ნოველა : (ბიბ.ჩანაწერი № 56071)

000 -ლიდერი
ფიქსირებული სიგრძის საკონტროლო ველი 01367nam a2200277Ia 4500
001 - საკონტროლო ნომერი
საკონტროლო ველი 23171
003 - საკონტროლო ნომრის იდენტიფიკატორი
საკონტროლო ველი GE_BSU
005 - ბოლო ოპერაციის თარიღი და დრო
საკონტროლო ველი 20230713123128.0
008 - ფიქსირებული სიგრძის მონაცემთა ელემენტები - ზოგადი ინფორმაცია
ფიქსირებული სიგრძის საკონტროლო ველი 181216s1967||||ge |||||||||||||| ||geo||
040 ## - კატალოგიზაციის წყარო
Transcribing agency GE_BSU
041 ## - ენის კოდი
Language code of text/sound track or separate title geo
080 ## - უნივერსალური ათობითი კლასიფიკაციის ინდექსი
Universal Decimal Classification number 821.111(73)-32 ა-57
245 ## - ცნობა სათაურის შესახებ
Title ამერიკული ნოველა :
Remainder of title 2 ტომად. ტ. 2 /
Statement of responsibility, etc შეადგინა ც. თოფურიამ ; მთარგმნ. : მ. ნათაძე, თ. ჩხენკელი, მ. ქარჩავა და სხვ. ; რედ. ლ. იმერლიშვილი.
264 ## - წარმოების, გამოცემის, დისტრიბუციის და სხვა ცნობები
გამოცემის, წარმოების, დისტრიბუციის... ადგილი თბილისი :
გამოცემის, წარმოების, დისტრიბუციის... სახელწოდება საბჭ. საქართველო,
გამოცემის, წარმოების, დისტრიბუციის... თარიღი 1967.
300 ## - ფიზიკური აღწერა
Extent 463 გვ. ;
Dimensions 22 სმ.
490 ## - სერიის ცნობა
Series statement მსოფლიოს ნოველა
653 ## - INDEX TERM--UNCONTROLLED
Uncontrolled term ამერიკული ნოველა 2 ტომად
653 ## - INDEX TERM--UNCONTROLLED
Uncontrolled term ტ. 2
700 ## - ADDED ENTRY--PERSONAL NAME
Personal name თოფურია, ც.
Relator term შემდგენელი
9 (RLIN) 19301
700 ## - ADDED ENTRY--PERSONAL NAME
Personal name ნათაძე, მ.
Relator term მთარგმნელი
9 (RLIN) 19302
700 ## - ADDED ENTRY--PERSONAL NAME
Personal name ჩხენკელი, თ.
Relator term მთარგმნელი
9 (RLIN) 17341
700 ## - ADDED ENTRY--PERSONAL NAME
Personal name ქარჩავა, მ.
Relator term მთარგმნელი
9 (RLIN) 16006
710 ## - ADDED ENTRY--CORPORATE NAME
Corporate name or jurisdiction name as entry element იმერლიშვილი, ლ.
Subordinate unit რედაქტორი
9 (RLIN) 19303
942 ## - ADDED ENTRY ELEMENTS (KOHA)
Koha item type წიგნი
Source of classification or shelving scheme
ეგზემპლარები
ჩამოწერის სტატუსი დაკარგული ეგზემპლარის სტატუსი კლასიფიკაციის წყარო ან თაროზე გაწყობის სქემა დაზიანების სტატუსი არ გაიცემა მუდმივი მდებარეობა (დაცვის ადგილი) ამჟამინდელი ადგილსამყოფელი თაროზე განთავსების ადგილი შეძენის თარიღი ღირებულება, შესყიდვის ნორმალური ფასი სრული შენახვის შიფრი შტრიხკოდი ბოლო ოპერაციის თარიღი ეგზემპლარის მიმდევრობითი ნომერი (კეტერი?) ფასის ძალაში შესვლის თარიღი ეგზემპლარის სახეობა საჯარო შენიშვნა
          ბათუმის შოთა რუსთაველის სახელმწიფო უნივერსიტეტის მთავარი ბიბლიოთეკა ბათუმის შოთა რუსთაველის სახელმწიფო უნივერსიტეტის მთავარი ბიბლიოთეკა წიგნსაცავი 2018-12-17 2.94 821.111(73)-32 ა-57 58557 2018-12-17 58557 2018-12-17 წიგნი 2.94 ₾.